| 000 | 00524nam a2200145Ia 4500 | ||
|---|---|---|---|
| 999 |
_c2975 _d2975 |
||
| 008 | 200103s9999||||xx |||||||||||||| ||und|| | ||
| 082 |
_a623.8432 _bHMS |
||
| 100 | _aHMSO | ||
| 245 | 4 | _aThe examination of arc welds in the shipyard : recommendations by the Admiralty Ship Welding Committee for the guidance of shipbuilders, designers, inspectors and foremen engaged in the fabrication of ships' structures by welding | |
| 260 |
_bHMSO _c1946 _aLondon |
||
| 300 | _a29p. | ||
| 650 | _aShips | ||
| 650 | _aWelding | ||
| 942 | _cBK | ||